Central Library OPAC University of Rajshahi

Organisation for Communications and Transit : (Record no. 9890)

MARC details
000 -LEADER
fixed length control field 00818cam a2200241u 4500
001 - CONTROL NUMBER
control field 9890
003 - CONTROL NUMBER IDENTIFIER
rucl marc code BD-RjUL
005 - DATE AND TIME OF LATEST TRANSACTION
control field 20211208234846.0
008 - FIXED-LENGTH DATA ELEMENTS--GENERAL INFORMATION
fixed length control field 140122s1938 sz iiii 000 0 eng
035 ## - SYSTEM CONTROL NUMBER
System control number (BD-RjUL)9935
040 ## - CATALOGING SOURCE
Original cataloging agency DLC
Transcribing agency CarP
Modifying agency DLC
-- BD-RjUL
Language of cataloging eng
041 ## - LANGUAGE CODE
Language code of text/sound track or separate title eng
082 ## - DEWEY DECIMAL CLASSIFICATION NUMBER
Classification number 385
Author mark and year ORG
110 2# - MAIN ENTRY--CORPORATE NAME
Corporate name or jurisdiction name as entry element League of Nations.
Subordinate unit Communications and Transit Organization. [from old catalog]
9 (RLIN) 30655
245 10 - TITLE STATEMENT
Title Organisation for Communications and Transit :
Remainder of title Co-ordination of transport. Results of an enquiry addressed to governments /
260 ## - PUBLICATION, DISTRIBUTION, ETC. (IMPRINT)
Place of publication, distribution, etc. Geneva:
Name of publisher, distributor, etc. League of nations,
Date of publication, distribution, etc. 1938.
300 ## - PHYSICAL DESCRIPTION
Pagination 348 p. ;
Size 34 cm.
490 1# - SERIES STATEMENT
Series statement League of nations publications
650 #0 - SUBJECT ADDED ENTRY--TOPICAL TERM
Topical term or geographic name as entry element Transportation
General subdivision Law and legislation.
9 (RLIN) 30556
942 ## - ADDED ENTRY ELEMENTS (KOHA)
Source of classification or shelving scheme Dewey Decimal Classification
Koha item type Books
Holdings
Lost status Source of classification or shelving scheme Damaged status Not for loan Collection code Permanent Location Current Location Shelving location Date acquired Source of acquisition Cost, normal purchase price Total Checkouts Full call number Date last seen Copy number Koha item type
  Dewey Decimal Classification   Not For Loan Non-fiction Central Library, University of Rajshahi Central Library, University of Rajshahi Reading Room 15/02/1962 A. I. Quiresh 7.60   385 ORG 1938 22/01/2014 C-1 Books